000 00428nam a2200181Ia 4500
001 7589
005 20260306160506.0
008 260306t2017||||xx |||||||||||||| ||spa||
041 _aESP
082 _a352
_bP77
100 _aPont Vidal, Josep
_eAUT
245 0 _aLa innovación en la gestión pública
260 _c2017
300 _a207 páginas :
_c21 cm.
650 _aGEN
654 _aCAN
942 _cLIB
_dJUS
_fJUS
_2ddc
_n
999 _c7589
_d7589